Score 0/22 Timer 03:00
0 Plays Today
Hint Answer % Correct
July 20, 1969 - Neil Armstrong, been thereMOON
99.5%
Mournful soundMOAN
92.3%
Lohan 'Girls' from 2004 filmMEAN
87.7%
Most famous DisneyWALT
86.7%
July 20, 1969 - Neil Armstrong, done thatWALK
84.1%
Cooking fatLARD
81.2%
Benign skin bumpWART
78.5%
StoreMART
76.7%
Window divisionPANE
76.2%
Strength challengedWEAK
74.5%
Accustom to less milkWEAN
74.4%
Hint Answer % Correct
Little lakePOND
73.7%
Bandleader LawrenceWELK
73.1%
Musical Comedian, Nathan ____LANE
69.5%
November 27, 1971 - First man-made object, done thatLAND
69.3%
AshenPALE
68.6%
AffectionateFOND
63.5%
December 14, 1911 - Roald Amundsen, been therePOLE
59.5%
CornbreadPONE
58.6%
'____ And The Real Girl'LARS
58.2%
November 27, 1971 - First man-made object, been thereMARS
58.1%
December 14, 1911 - Roald Amundsen, done thatFIND
34.9%

Today's Daily Dose

Missing Word
'T' Pairs

Word Ladder
Game Pieces

Get the Picture
Baseball Movies

Remove Ads.
Support Sporcle.
Get the best of Sporcle when you Go Orange. This ad-free experience offers more features, more stats, and more fun while also helping to support Sporcle. Thank you for becoming a member.

You're not logged in!

Compare scores with friends on all Sporcle quizzes.
OR
Log In

Show Comments

Extras

Top Quizzes Today


Score Distribution

Your Account Isn't Verified!

In order to create a playlist on Sporcle, you need to verify the email address you used during registration. Go to your Sporcle Settings to finish the process.

Report this User

Report this user for behavior that violates our Community Guidelines.

Details: